Attack and die : Civil War military tactics and the Southern heritage /

Bibliographic Details
Main Author: McWhiney, Grady
Other Authors: Jamieson, Perry D.
Format: Book
Language:English
Published: University, Ala. : University of Alabama Press, [1982]
Subjects:

MARC

Tag First Indicator Second Indicator Subfields
LEADER 00000pam a2200000 a 4500
001 in00000082271
005 20151008061115.0
008 810331s1982 alub b 00110 eng
010 |a  81000902  
020 |a 0817300732 
035 |a (OCoLC)07461732 
035 |9 AAJ7321AM 
039 0 |a 2  |b 3  |c 3  |d 3  |e 3 
040 |a DLC  |c DLC  |d TXA  |d UtOrBLW 
043 |a n-us---  |a n-usu-- 
049 |a TXAM  |c [1673048] 
050 0 0 |a E545  |b .M38 1982 
082 0 |a 973.7/3013  |2 19 
100 1 |a McWhiney, Grady. 
245 1 0 |a Attack and die :  |b Civil War military tactics and the Southern heritage /  |c Grady McWhiney and Perry D. Jamieson. 
264 1 |a University, Ala. :  |b University of Alabama Press,  |c [1982] 
264 4 |c ©1982 
300 |a xv, 209 pages :  |b maps ;  |c 25 cm. 
336 |a text  |b txt  |2 rdacontent 
337 |a unmediated  |b n  |2 rdamedia 
338 |a volume  |b nc  |2 rdacarrier 
500 |a Includes index. 
504 |a Bibliography: pages [192]-201. 
610 1 0 |a Confederate States of America.  |b Army  |x History. 
651 0 |a United States  |x History  |y Civil War, 1861-1865  |x Campaigns. 
700 1 |a Jamieson, Perry D. 
740 0 |a Civil War military tactics and the Southern heritage. 
999 |a MARS 
999 f f |s 2f75ac83-b4c5-3f7e-a2f1-0f9b9d3a4dba  |i f9963607-97de-3d5a-b896-337eaee1a181  |t 0 
952 f f |p ric  |a Texas A&M University  |b Rellis Campus  |c Joint Library Facility  |d Remote Storage  |t 0  |e E545 .M38 1982  |h Library of Congress classification  |i unmediated -- volume  |m A14827038982 
998 f f |a E545 .M38 1982  |t 0  |l Remote Storage